La calidad tecnológica de los trigos cultivados en España / (Record no. 69607)

MARC details
000 -LEADER
campo de control de longitud fija 00580nam a2200181 i 4500
001 - NÚMERO DE CONTROL
campo de control 69607
003 - IDENTIFICADOR DE NÚMERO DE CONTROL
campo de control ES-MaACL
005 - FECHA Y HORA DE LA ÚLTIMA TRANSACCIÓN
campo de control 20230906170547.0
007 - CAMPO FIJO DE DESCRIPCIÓN FÍSICA--INFORMACIÓN GENERAL
campo de control de longitud fija t|
008 - DATOS DE LONGITUD FIJA--INFORMACIÓN GENERAL
campo de control de longitud fija 040708s1968 sp ||||1| spa d
100 1# - ENTRADA PRINCIPAL--NOMBRE DE PERSONA
Nombre de persona García Faure, Rafael.
9 (RLIN) 54587
245 13 - MENCIÓN DEL TÍTULO
Título La calidad tecnológica de los trigos cultivados en España /
Mención de responsabilidad, etc. por Rafael García Faure.
260 ## - PUBLICACIÓN, DISTRIBUCIÓN, ETC.
Lugar de publicación, distribución, etc. Madrid :
Nombre del editor, distribuidor, etc. Grupo Nacional Harinero,
Fecha de publicación, distribución, etc. 1968.
300 ## - DESCRIPCIÓN FÍSICA
Extensión 108 p. :
Otras características físicas gráf. ;
Dimensiones 24 cm.
650 #4 - PUNTO DE ACCESO ADICIONAL DE MATERIA--TÉRMINO DE MATERIA
Término de materia o nombre geográfico como elemento de entrada Trigo-
Subdivisión geográfica España.
9 (RLIN) 155449
710 2# - ENTRADA AGREGADA--NOMBRE DE ENTIDAD CORPORATIVA
Nombre de entidad corporativa o nombre de jurisdicción como elemento de entrada Grupo Nacional Harinero.
9 (RLIN) 4532
852 ## - LOCALIZACIÓN
Ubicación ES-MaACL
Número de control de estantería C-34354
Sublocalización o colección R.65281
Holdings
Estatus retirado Estado de pérdida Estado de daño No para préstamo Biblioteca de origen Biblioteca actual Ubicación en estantería Fecha de adquisición Fuente de adquisición Total de préstamos Signatura topográfica completa Código de barras Visto por última vez Precio de reemplazo Tipo de ítem Koha
        Biblioteca del Ateneo de Madrid Biblioteca del Ateneo de Madrid Depósito 2 17/01/2008     C-34354 1072887 23/02/2023 23/02/2023 Libro impreso